Nursing Research & Statistics (Record no. 1434)

MARC details
000 -LEADER
Fixed length control field 00548nam a2200205Ia 4500
003 - CONTROL NUMBER IDENTIFIER
Control field IIN
005 - DATE AND TIME OF LATEST TRANSACTION
Control field 20240124163723.0
008 - FIXED-LENGTH DATA ELEMENTS--GENERAL INFORMATION
Fixed length control field 231217s9999 xx 000 0 und d
020 ## - INTERNATIONAL STANDARD BOOK NUMBER / ISBN
Price Rs.850.00
International Standard Book Number 9788131264478
040 ## - CATALOGING SOURCE
Original cataloging agency IIN
Language of cataloging English
082 ## - DEWEY DECIMAL CLASSIFICATION NUMBER
Classification number 610.73072
Book Number SHA
100 1# - MAIN ENTRY--PERSONAL NAME
Personal name Sharma, Suresh K
245 1# - TITLE STATEMENT
Title Nursing Research & Statistics
Statement of responsibility Suresh K Sharma
250 ## - EDITION STATEMENT
Edition statement 4th ed
260 ## - IMPRINT
Name of publisher Elsevier
Place of publication New Delhi
Date of publication 2023
300 ## - PHYSICAL DESCRIPTION
Page / Vol. No xiii, 416 p.
650 1# - SUBJECT ADDED ENTRY--TOPICAL TERM
Topical term Research
Form subdivision Nursing
650 1# - SUBJECT ADDED ENTRY--TOPICAL TERM
Topical term Research & Statistics
Form subdivision Nursing
942 ## - ADDED ENTRY ELEMENTS (KOHA)
Koha item type Books
Holdings
Withdrawn status Lost status Damaged status Not for loan Collection code Home library Current library Date acquired Price Total Checkouts Call number Accession number Date last seen Price effective from Koha item type Source of classification Date checked out Shelving location
          IDEAL INSTITUTE OF NURSING IDEAL INSTITUTE OF NURSING 17/12/2023 850.00   610.73072 SHA 1428 17/12/2023 17/12/2023 Books      
          IDEAL INSTITUTE OF NURSING IDEAL INSTITUTE OF NURSING 17/12/2023 850.00   610.73072 SHA 1429 17/12/2023 17/12/2023 Books      
          IDEAL INSTITUTE OF NURSING IDEAL INSTITUTE OF NURSING 17/12/2023 850.00   610.73072 SHA 1430 17/12/2023 17/12/2023 Books      
        Purches Book IDEAL INSTITUTE OF NURSING IDEAL INSTITUTE OF NURSING 24/04/2024 905.00   610.73072 SHA 1722 18/02/2025 15/06/2024 Books Dewey Decimal Classification    
        Purches Book IDEAL INSTITUTE OF NURSING IDEAL INSTITUTE OF NURSING 24/04/2024 905.00   610.73072 SHA 1723 26/05/2025 15/06/2024 Books Dewey Decimal Classification    
        Purches Book IDEAL INSTITUTE OF NURSING IDEAL INSTITUTE OF NURSING 24/04/2024 905.00   610.73072 SHA 1724 15/06/2024 15/06/2024 Books Dewey Decimal Classification    
        Purches Book IDEAL INSTITUTE OF NURSING IDEAL INSTITUTE OF NURSING 24/04/2024 905.00 1 610.73072 SHA 1725 09/09/2025 15/06/2024 Books Dewey Decimal Classification 02/06/2025  
        Purches Book IDEAL INSTITUTE OF NURSING IDEAL INSTITUTE OF NURSING 24/04/2024 905.00 2 610.73072 SHA 1726 09/09/2025 15/06/2024 Books Dewey Decimal Classification 30/05/2025  
        Purches Book IDEAL INSTITUTE OF NURSING IDEAL INSTITUTE OF NURSING 24/04/2024 905.00   610.73072 SHA 1727 27/02/2025 15/06/2024 Books Dewey Decimal Classification    
        Purches Book IDEAL INSTITUTE OF NURSING IDEAL INSTITUTE OF NURSING 24/04/2024 905.00   610.73072 SHA 1728 15/06/2024 15/06/2024 Books Dewey Decimal Classification    
        Purches Book IDEAL INSTITUTE OF NURSING IDEAL INSTITUTE OF NURSING 11/03/2025     610.73072 SHA 1851 04/04/2025 04/04/2025 Books Dewey Decimal Classification   General Stacks
        Purches Book IDEAL INSTITUTE OF NURSING IDEAL INSTITUTE OF NURSING 11/03/2025     610.73072 SHA 1852 04/04/2025 04/04/2025 Books Dewey Decimal Classification   General Stacks
© Ideal Institute Of Nursing, All rights reserved.         Powered by Koha